| 000 | 00000nam 2200000za 4500 |
| 001 | 9.604323 |
| 003 | CaOODSP |
| 005 | 20250828100008 |
| 007 | cr ||||||||||| |
| 008 | 150406|1995||||xxc|||||o f|0| 0 fre d |
| 022 | |a1205-9161 |
| 040 | |aCaOODSP|bfre |
| 043 | |an-cn--- |
| 086 | 1 |aCS11-0019/85F-PDF |
| 100 | 1 |aBaldwin, John R. |q(John Russel) |
| 245 | 00|aUtilisation des technologies de pointe dans les établissements de fabrication / |h[ressource électronique]|cpar John R. Baldwin et Brent Diverty. |
| 260 | |aOttawa - Ontario : |bStatistique Canada |cNovembre 1995. |
| 300 | |a34p.|bréférences, tableaux |
| 490 | 1 |aDocuments de recherche - Direction des études analytiques|x1205-9161|vN° 85 |
| 520 | 3 |aDans le présent document, nous nous sommes servis de micro-données sur l'utilisation des technologies dans les usines ainsi que d'une analyse multidimensionnelle afin d'étudier les caractéristiques et les activités des usines de fabrication liées le plus étroitement au recours à la technologie.--Sommaire |
| 590 | |a12-34-Supp|b2012-07-31 |
| 691 | 07|aIndustrie de transformation|2gcpds |
| 691 | 07|aInnovation technologique|2gcpds |
| 710 | 2 |aStatistique Canada. |
| 775 | 08|tAdvanced technology use in Canadian manufacturing establishments / |w(CaOODSP)9.574578 |
| 776 | 0#|tUtilisation des technologies de pointe dans les établissements de fabrication / |w(CaOODSP)9.623597 |
| 830 | #0|aDocuments de recherche (Statistique Canada. Direction des études analytiques)|x1205-9161|vN° 85|w(CaOODSP)9.500842 |
| 856 | 40|ahttp://publications.gc.ca|qPDF|s121 Ko|uhttps://publications.gc.ca/collections/Collection/CS11-0019-85F.pdf|yN° 85 |